UBT Library

The biology coloring book / (Record no. 43569)

000 -LEADER
fixed length control field 00554cam a2200205 a 4500
001 - CONTROL NUMBER
control field 1953061
005 - DATE AND TIME OF LATEST TRANSACTION
control field 20180227053141.0
008 - FIXED-LENGTH DATA ELEMENTS--GENERAL INFORMATION
fixed length control field 870923s1986 nyua 001 0 eng
010 ## - LIBRARY OF CONGRESS CONTROL NUMBER
LC control number 87107679
020 ## - INTERNATIONAL STANDARD BOOK NUMBER
International Standard Book Number 0064603075 (pbk.) :
Terms of availability $9.95
040 ## - CATALOGING SOURCE
Original cataloging agency DLC
Transcribing agency DLC
Modifying agency DLC
041 ## - LANGUAGE CODE
Language code of text/sound track or separate title eng
080 ## - UNIVERSAL DECIMAL CLASSIFICATION NUMBER
Universal Decimal Classification number 574 ROB
082 00 - DEWEY DECIMAL CLASSIFICATION NUMBER
Classification number 574 ROB
Edition number 19
100 1# - Rafti
Rafti 11
101 ## - Shkurtesa
Shkurtesa BIO
245 14 - TITLE STATEMENT
Title The biology coloring book /
Statement of responsibility, etc by Robert D. Griffin ; illustrations by Cinthea Vadala.
906 ## - LOCAL DATA ELEMENT F, LDF (RLIN)
a 7
b cbc
c orignew
d 3
e ncip
f 19
g y-gencatlg
942 ## - ADDED ENTRY ELEMENTS (KOHA)
Source of classification or shelving scheme
Item type Books
Holdings
Withdrawn status Lost status Source of classification or shelving scheme Damaged status Not for loan Collection code Permanent location Current location Shelving location Date acquired Total Checkouts Full call number Barcode Date last seen Price effective from Koha item type
          Koleksioni i përgjithshem UBT - Lipjan UBT - Lipjan Koleksioni i përgjithshem 02/27/2018   574 ROB 002-3000058 02/27/2018 02/27/2018 Books
UBT Library © 2015-2024. All rights reserved University Education for Business and Technology